Квантовая метрология и фундаментальные константы: сборник статей; пер. с англ.

Podrobná bibliografie
Další autoři: Фаустов Р. Н. (редактор), Шелест В. П.
Jazyk:ruština
Vydáno: Москва, Мир, 1981
Témata:
Médium: MixedMaterials Kniha
KOHA link:https://koha.lib.tpu.ru/cgi-bin/koha/opac-detail.pl?biblionumber=156689

MARC

LEADER 00000nam0a2200000 4500
001 156689
005 20231031153332.0
020 |a RU  |b 81-66607 
035 |a (RuTPU)RU\TPU\book\169935 
090 |a 156689 
100 |a 20090330d1981 km a0rusy5003 ca 
101 1 |a rus  |c eng 
102 |a RU 
105 |a a z 001zy 
200 1 |a Квантовая метрология и фундаментальные константы  |e сборник статей  |e пер. с англ.  |f под ред. Р. Н. Фаустова, В. П. Шелеста 
210 |a Москва  |c Мир  |d 1981 
215 |a 368 с.  |c ил. 
610 1 |a квантовая метрология 
610 1 |a сборники 
610 1 |a константы 
610 1 |a библиотека А. Г. Стромберга 
675 |a 389  |v 3 
702 1 |a Фаустов  |b Р. Н.  |4 340 
702 1 |a Шелест  |b В. П.  |4 340 
801 0 |a RU  |b RuMRKP  |c 19950704  |g psbo 
801 1 |a RU  |b 63413507  |c 20090330  |g PSBO 
801 2 |a RU  |b 63413507  |c 20170915  |g PSBO 
942 |c BK